00724 2200265 4500001002100000005001700021008004100038020001800079035002400097082001100121090002100132100001600153245007000169250001100239260004000250300003000290500002900320650003300349700001000382850001600392980001400408985000600422999001500428999001500443YOGYA-0209000004092720090227025720.0 ind  a979-25-9793-X 0010-020900000040927 a613.04 a613.04bFit PlR aFITRIA, Ana aPanduan lengkap kesehatan wanitacAna Fitria ; penyunting, Sherly aCet. 1 aYogyakartabGala Ilmu Semestac2007 aviii,382 hlmbilusc24 cm aBibliografi : hlm. [383] aWanita - Kesehatan - Panduan aSerly aYOPDYOG (B) a5-11-2007 a2 a07B0032018 a07B0032019